Minecraft Items that Start with G - Statistics

General Stats
  • This quiz has been taken 19 times
    13 since last reset
  • The average score is 27 of 68
Answer Stats
Answer % Correct
Golden Axe
71%
Golden Boots
71%
Golden Helmet
71%
Golden Hoe
71%
Golden Pickaxe
71%
Golden Sword
71%
Gold Ingot
71%
Glowstone
57%
Golden Chestplate
57%
Golden Leggings
57%
Golden Shovel
57%
Gold Ore
57%
Granite
57%
Granite Slab
57%
Granite Stairs
57%
Granite Wall
57%
Gray Bed
57%
Gilded Blackstone
43%
Glass
43%
Glow Ink Sac
43%
Glow Squid Spawn Egg
43%
Glowstone Dust
43%
Goat Horn
43%
Goat Spawn Egg
43%
Golden Apple
43%
Golden Horse Armor
43%
Gold Nugget
43%
Gravel
43%
Gray Banner
43%
Gray Concrete
43%
Gray Concrete Powder
43%
Gray Dye
43%
Gray Glazed Terracotta
43%
Gray Stained Glass
43%
Gray Stained Glass Pane
43%
Gray Terracotta
43%
Gray Wool
43%
Green Dye
43%
Green Wool
43%
Guardian Spawn Egg
43%
Ghast Spawn Egg
29%
Ghast Tear
29%
Glass Pane
29%
Golden Carrot
29%
Grass Block
29%
Gray Candle
29%
Gray Carpet
29%
Gray Shulker Box
29%
Green Bed
29%
Green Candle
29%
Green Carpet
29%
Green Concrete
29%
Green Concrete Powder
29%
Green Harness
29%
Grindstone
29%
Glistering Melon Slice
14%
Glow Lichen
14%
Gray Harness
14%
Green Banner
14%
Green Glazed Terracotta
14%
Green Shulker Box
14%
Green Stained Glass
14%
Green Stained Glass Pane
14%
Green Terracotta
14%
Gunpowder
14%
Guster Banner Pattern
14%
Guster Pottery Sherd
14%
Globe Banner Pattern
0%
No matching quizzes found
Score Distribution
Percent of People with Each Score
Percentile by Number Answered
Your Score History
You have not taken this quiz since the last reset